| 000 | 00498nam a2200157Ia 4500 | ||
|---|---|---|---|
| 008 | 100122s9999 xx 000 0 und d | ||
| 082 |
_b22723 _a823.08 |
||
| 100 | _aटिळक कमलाबाई | ||
| 245 | _aनिवडक कथा भाग 3 | ||
| 260 |
_bछाया कोलारकर _c1975 |
||
| 300 | _a97 | ||
| 630 | _aनिवडक कथा भाग 3 | ||
| 700 | _aकोलारकर राम | ||
| 730 | _aनिवडक कथा भाग 3 | ||
| 942 | _cBOOK | ||
| 999 |
_c410462 _d410459 |
||